000 00291nam a2200109Ia 4500
008 190216s9999||||xx |||||||||||||| ||und||
100 _aMuzaffer Imam
245 0 _aRole Of Muslim In The National Movement 1912-1930
260 _b"Mitta Publications, Delhi"
650 _aHistory
942 _cBK
999 _c20167
_d20167